| 000 | 00403 a2200121 4500 | ||
|---|---|---|---|
| 001 | ART_3435 | ||
| 005 | 20260410161714.0 | ||
| 008 | 260409a | ||
| 245 | 1 | 0 | _aCambio técnico y modernización en el sector agropecuario en América Latina |
| 100 | 1 | _aPiñeiro, Martín E. | |
| 700 | 1 | _aTrigo, Eduardo | |
| 773 | 0 |
_tDesarrollo económico _g- Vol. 21, Nº 84 (ene./mar. 1982) _wREV1174 |
|
| 999 |
_c16387 _d16387 |
||